000 00467nam a2200181Ia 4500
008 240925s9999 xx 000 0 und d
020 _aNA
082 _a297.01 HAS
100 _aHashmi, Anwar
245 3 _aAn Introduction to Islamic Ideology
250 _aNA
260 _aKarachi:
_bRoyal Books
_c,1995.
300 _axxii,186p.
_bNA
_fOriginal
500 _aIncludes Bibliography
600 _aHumanities & Natural Science
650 _aReligion
942 _cBK
999 _c2982
_d2982